重複する鉄道路線名 - Statistics

General Stats
  • This quiz has been taken 368 times
  • The average score is 6 of 18
Answer Stats
路線名 会社名 % Correct
東西線 札幌市交,仙台市交,東京メトロ,京都市交
87%
南北線 札幌市交,仙台市交,東京メトロ,北大阪急行電鉄
86%
本線 函館市電,京成,京急,黒部峡谷鉄道,阪神,山陽,広島電鉄,長崎電気軌道
79%
空港線 京急,名鉄,南海,福岡市交
58%
新宿線 西武,都営
55%
奈良線 JR西日本,近鉄
51%
日光線 JR東日本,東武
39%
大師線 東武,京急
27%
山田線 JR東日本,近鉄
25%
山口線 JR西日本,西武
18%
長野線 長野電鉄,近鉄
16%
鉄道線 小田急箱根,遠州鉄道
13%
甘木線 西鉄,甘木鉄道
12%
神戸高速線 阪急,阪神,神戸電鉄
11%
七尾線 JR西日本,のと鉄道
11%
鋼索線 小田急箱根,京阪,京福電気鉄道,立山黒部貫光,南海
10%
城北線 東海交通事業,伊予鉄道
7%
臨海本線 京葉臨海鉄道,仙台臨海鉄道
1%
No matching quizzes found
Score Distribution
Percent of People with Each Score
Percentile by Number Answered
Your Score History
You have not taken this quiz